000 00621nam a2200205Ia 4500
003 OSt
005 20260316163713.0
008 220917b |||||||| |||| 00| 0 eng d
037 _cTB
040 _aARTS
_cARTS
_beng
041 _2eng
_aeng
084 _aV1N, J6;L1;6-;7 (TTW)
_qCRL
100 _aClaude Inis L
_997964
245 0 _aSwords onto plowshares
_b the problems and progress of international organization
250 _a4th
260 _aN.Y,London;
_bRandom House,
_c1971.
650 _aHISTORY
942 _hV1N, J6;L1;6-;7 (TTW)
_cTB
_2CC
999 _c216568
_d216568